IEG review of World Bank assistance for financial sector reform

Salvato in:
Dettagli Bibliografici
Natura: Libro
Lingua:inglese
Pubblicazione: Washington, D.C. <The> World Bank 2006
Soggetti:
Tags: Aggiungi Tag
Nessun Tag, puoi essere il primo ad aggiungerne!!

MARC

LEADER 00000nam$a2200000$$$4500
001 0043848
005 20240315115424.1
041 0 |a eng 
044 |a US 
245 1 0 |a IEG review of World Bank assistance for financial sector reform 
264 1 |a Washington, D.C.  |b <The> World Bank  |c 2006 
300 |a 139 s. 
610 2 0 |a banky 
610 2 0 |a politika finančná 
610 2 0 |a reformy 
610 2 0 |a pôžičky 
610 2 0 |a kvalita 
610 2 0 |a úver 
610 2 0 |a krajiny rozvojové 
610 2 0 |a kríza 
610 2 0 |a vlastníctvo 
610 2 0 |a reštrukturalizácia finančná 
610 2 0 |a privatizácia 
610 2 0 |a krajiny tranzitívne 
610 2 0 |a miera úroková 
610 2 0 |a sektor súkromný 
610 2 0 |a modely 
610 2 0 |a manažment 
610 2 0 |a pomoc rozvojová 
610 2 0 |a pôžičky medzinárodné 
610 2 0 |a svet